[Event "IECG CD.2006.0.00113 email"]
[Site "IECG email"]
[Date "2006.08.27"]
[Round "?"]
[White "Mer, Alain"]
[Black "Michos, Dionyssios"]
[Result "1-0"]
[WhiteElo "1474"]
[BlackElo "1524"]
[PlyCount "71"]
[EventDate "2006.08.27"]
[EventType "tourn (corr)"]
[EventRounds "6"]
[SourceTitle "Corr 2011"]
[Source "ChessBase"]
[SourceDate "2010.08.31"]
[SourceVersion "1"]
[SourceVersionDate "2010.08.31"]
[SourceQuality "1"]

1. e4 e5 2. Nf3 Nc6 3. Bb5 a6 4. Ba4 Nf6 5. 0-0 Be7 6. Re1 b5 7. Bb3 0-0 8. c3 d5 9. exd5 Nxd5 10. Nxe5 Nxe5 11. Rxe5 c6 12. d4 Bd6 13. Re1 Qh4 14. g3 Qh3 15. Re4 g5 16. Qe2 Nf6 17. Nd2 Bf5 18. f3 Nxe4 19. Nxe4 Bxe4 20. fxe4 Be7 21. Be3 a5 22. Rf1 a4 23. Bc2 f6 24. Rf5 a3 25. b4 Rae8 26. d5 cxd5 27. Rxd5 Kh8 28. Qxb5 Rb8 29. Qd3 Rb7 30. b5 Rg8 31. Bd4 Qh6 32. c4 g4 33. c5 Qc1+ 34. Kg2 Qh6 35. e5 fxe5 36. c6 1-0

[Event "IECG CD.2006.0.00113 email"]
[Site "IECG email"]
[Date "2006.08.27"]
[Round "?"]
[White "Michos, Dionyssios"]
[Black "James, Michael"]
[Result "0-1"]
[WhiteElo "1524"]
[BlackElo "1548"]
[PlyCount "70"]
[EventDate "2006.08.27"]
[EventType "tourn (corr)"]
[EventRounds "6"]
[SourceTitle "Corr 2011"]
[Source "ChessBase"]
[SourceDate "2010.08.31"]
[SourceVersion "1"]
[SourceVersionDate "2010.08.31"]
[SourceQuality "1"]

1. e4 d6 2. d4 Nf6 3. Nc3 g6 4. Nf3 Bg7 5. Be2 0-0 6. 0-0 c6 7. a4 Nbd7 8. Be3 b6 9. Qd2 c5 10. Bh6 cxd4 11. Nxd4 Bb7 12. Bxg7 Kxg7 13. f3 Rc8 14. g4 h6 15. Kh1 a6 16. Rg1 Rh8 17. Nb3 Qc7 18. Rg3 Nc5 19. Nxc5 Qxc5 20. Rag1 g5 21. Bd3 Qb4 22. Qc1 Nd7 23. Be2 Ne5 24. Qa1 Ng6 25. Nd5 Bxd5 26. c3 Qb3 27. exd5 b5 28. Rd1 bxa4 29. Rd2 a3 30. Bxa6 Ra8 31. Bd3 Rhb8 32. bxa3 Rxa3 33. Qc1 Nf4 34. Be4 Ra2 35. Rxa2 Qxa2 0-1